[Event "Cattolica Primavera op"]
[Site "Cattolica"]
[Date "2022.03.18"]
[Round "5"]
[White "Boder, Jan"]
[Black "Gattafoni, Alessio"]
[Result "0-1"]
[WhiteElo "2274"]
[BlackElo "2114"]
[PlyCount "122"]
[EventDate "2022.03.16"]
[EventType "swiss"]
[EventRounds "9"]
[EventCountry "ITA"]
[SourceTitle "CBM 207 Extra"]
[Source "ChessBase"]
[SourceDate "2022.05.31"]
[SourceVersion "1"]
[SourceVersionDate "2022.05.31"]
[SourceQuality "1"]

1. c4 c6 2. Nf3 Nf6 3. e3 d5 4. Nc3 e6 5. b3 Nbd7 6. Bb2 Bd6 7. Qc2 Qe7 8. Rc1 0-0 9. d4 e5 10. c5 Bc7 11. dxe5 Nxe5 12. Nxe5 Bxe5 13. Ne2 Bf5 14. Qxf5 Bxb2 15. Rc2 Ba3 16. Ng3 Bxc5 17. Bd3 Bb4+ 18. Kd1 Qe6 19. h4 Qxf5 20. Nxf5 g6 21. Nd4 Rfe8 22. Ke2 Rad8 23. a3 Ba5 24. b4 Bb6 25. Kf3 h5 26. g3 Ng4 27. Rd1 Re7 28. Be2 Rde8 29. Kg2 Nxe3+ 30. fxe3 Rxe3 31. Bf3 Rxa3 32. b5 Ree3 33. bxc6 bxc6 34. Rf2 Rad3 35. Rfd2 Rxd4 36. Rxd4 Bxd4 37. Rxd4 a5 38. Rd2 Rc3 39. Ra2 Rc5 40. Kf2 Kf8 41. Ke3 Ke7 42. Kd4 Kd6 43. Be2 f6 44. Bd3 g5 45. g4 Rc1 46. hxg5 fxg5 47. gxh5 Rh1 48. Be2 Rh3 49. Bd3 c5+ 50. Kc3 c4 51. Rxa5 Rxd3+ 52. Kc2 Rh3 53. h6 g4 54. Ra7 Ke5 55. h7 Kd4 56. Rg7 Rh2+ 57. Kc1 Kc3 58. Kb1 d4 59. Rd7 d3 60. Rg7 d2 61. Rd7 Rxh7 0-1

[Event "Cattolica Primavera op"]
[Site "Cattolica"]
[Date "2022.03.16"]
[Round "1"]
[White "Koellner, Ruben Gideon"]
[Black "Gattafoni, Alessio"]
[Result "1-0"]
[WhiteElo "2454"]
[BlackElo "2114"]
[PlyCount "83"]
[EventDate "2022.03.16"]
[EventType "swiss"]
[EventRounds "9"]
[EventCountry "ITA"]
[SourceTitle "CBM 207 Extra"]
[Source "ChessBase"]
[SourceDate "2022.05.31"]
[SourceVersion "1"]
[SourceVersionDate "2022.05.31"]
[SourceQuality "1"]

1. d4 d5 2. Bf4 Nf6 3. e3 e6 4. Nd2 c5 5. c3 Bd6 6. Bg3 Nc6 7. Ngf3 0-0 8. Bd3 cxd4 9. exd4 Qc7 10. Qe2 Re8 11. Ne5 Bxe5 12. dxe5 Nd7 13. Nf3 Nf8 14. h4 d4 15. cxd4 Rd8 16. Qd2 Qb6 17. Rd1 Bd7 18. h5 h6 19. Rh4 Qb4 20. Be4 Kh8 21. Rf4 Be8 22. Bh4 Rd7 23. g4 Nh7 24. a3 Qxd2+ 25. Rxd2 g5 26. hxg6 fxg6 27. Bf6+ Kg8 28. d5 g5 29. dxc6 Rxd2 30. Nxd2 gxf4 31. cxb7 Rb8 32. Nb3 Nxf6 33. exf6 Kf7 34. Nc5 Bb5 35. a4 Be8 36. b3 Kxf6 37. Na6 Rd8 38. b8Q Rxb8 39. Nxb8 Ke5 40. f3 Kd6 41. Na6 e5 42. Kd2 1-0